00366nam a2200133 4500020001800000082001600018100001600034245007700050260003300127300001000160650002200170650002500192650001500217 a9789352827718 aM301bVIJ/O aVijayan O V aOru neenda rathriyude ormmakkayiyum arakshithavasthayum/cby Vijayan O V aKottayam:bD C Books,c2019. a158p. aStories Malayalam aLiterature Malayalam aLiterature